| 000 | 00833nam a2200229 a 4500 | ||
|---|---|---|---|
| 008 | 120416s1994 ||||||||||||||||| || u | ||
| 020 | _a0854042008 | ||
| 050 | _aTN 20 Min | ||
| 100 | _aHester, R. E. (Ronald E.) | ||
| 245 | 1 | 0 | _aMining and its environmental impact |
| 260 |
_aCambridge : _bRoyal Society of Chemistry _c1994 |
||
| 300 | _axv, 164p. : ill. | ||
| 350 | _a0.00 | ||
| 490 | _aIssues in environmental science and technology, 1350-7583 | ||
| 490 | _v1 | ||
| 500 | _aBibliography | ||
| 650 | _aMineral industries--Environmental aspects | ||
| 650 | _aMINING | ||
| 700 | _aHarrison, Roy M., 1948- | ||
| 710 | _aRoyal Society of Chemistry (Great Britain) | ||
| 995 |
_D0.00 _FCBU-MAIN LIBRARY (Kitwe) _H1 _I19.00 _M1 _UAVAILABLE _ZMain Library Open Access Collection |
||
| 999 |
_c51288 _d51288 |
||